000 00420nam a22001337a 4500
008 131218b xxu||||| |||| 00| 0 eng d
050 _aSPC PR9405.9.M8K3
100 _aMusonda, Kapelwa
_95882
245 _aThe Kapelwa Musonda file
260 _aLusaka
_bNECZAM
_c1973
300 _a140p.
_c22cm
650 _aZambia - Politics - 1964-1991 - Humor; Zambia - Social life & customs - Humor
_95883
942 _2lcc
_cMONOGRAPH
999 _c119327
_d119327